000 00419nam a22001337a 4500
003 OSt
082 _a630
088 _aP547
100 _aANJITHA, B. S
_aAPARNA, V. M
_aKAVYA, M
_aNAMITHA, ASHOKAN
_aSREEDEV, V. S
_95343
245 _aPRODUCTION AND QUALITY EVALUATION OF COCOA WINE
260 _aThavanur
_KKelappaji College of Agricultural Engineering and Technology
_c2022
700 _aMs Sreeja R
_95344
942 _cPR
999 _c17601
_d17601